[Event "Epic Easter Encounters"]
[Site "SchemingMind.com"]
[Date "2013.10.01"]
[Round "-"]
[White "Ronald R. Nurmi"]
[Black "spoke"]
[Result "1/2-1/2"]
[WhiteCountry "USA"]
[BlackCountry "GER"]
[WhiteElo "1740"]
[WhiteRD "80"]
[BlackElo "1821"]
[BlackRD "65"]
[GameID "339218"]

1. d4 d5 2. Bf4 Nf6 3. e3 c6 4. Nf3 Nh5 5. Bg5 h6 6. Bh4 g5 7. Nfd2 Nf6 8. Bg3 e6 9. c4 Bd6 10. Bxd6 Qxd6
11. Nc3 e5 12. cxd5 Nxd5 13. Nxd5 cxd5 14. dxe5 Qxe5 15. b3 Bg4 16. Qc1 Nc6 17. Bb5 Bd7 18. O-O a6 19. Nf3 Qe4 20. Qb2 O-O
21. Be2 Rad8 22. Rad1 Bf5 23. Nd4 Nxd4 24. Rxd4 Qc2 25. Qxc2 Bxc2 26. Rc1 Be4 27. Rc7 b5 28. Rc6 Ra8 29. Rd2 Rfc8 30. Rxc8+ Rxc8
31. f3 Bb1 32. Kf2 Rc2 33. Rxc2=
1/2-1/2

[Event "Epic Easter Encounters"]
[Site "SchemingMind.com"]
[Date "2013.11.11"]
[Round "-"]
[White "spoke"]
[Black "dadshane2000"]
[Result "1/2-1/2"]
[WhiteCountry "GER"]
[BlackCountry "USA"]
[WhiteElo "1859"]
[WhiteRD "67"]
[BlackElo "1941"]
[BlackRD "82"]
[GameID "341607"]

1. e4 c5 2. Nf3 d6 3. d4 cxd4 4. Nxd4 Nf6 5. Nc3 Bd7 6. Be2 g6 7. Be3 Bg7 8. O-O O-O 9. f4 Nc6 10. Qd2 Nxd4
11. Bxd4 Bc6 12. Bf3 e5 13. fxe5 dxe5 14. Be3 Qxd2 15. Bxd2 Rfd8 16. Rad1 Rd4 17. Rfe1 Rad8 18. Bg5 Rxd1 19. Bxd1 h6 20. Bxf6 Bxf6
21. Bf3 Rd2 22. Re2 Rxe2 23. Bxe2 Kg7 24. Nd5 Bg5 25. Kf2 Bc1 26. b3 Bb2 27. Ke3 Bd4+ 28. Kd3 f5 29. Bf3 fxe4+ 30. Bxe4 Bxd5=
1/2-1/2

[Event "Epic Easter Encounters"]
[Site "SchemingMind.com"]
[Date "2013.11.10"]
[Round "-"]
[White "dadshane2000"]
[Black "spoke"]
[Result "1-0"]
[WhiteCountry "USA"]
[BlackCountry "GER"]
[WhiteElo "1958"]
[WhiteRD "85"]
[BlackElo "1849"]
[BlackRD "71"]
[GameID "341610"]

1. e4 e5 2. Nf3 Nc6 3. Bb5 Bb4 4. O-O Nge7 5. c3 Ba5 6. Qa4 Bb6 7. d4 Ng6 8. Bg5 f6 9. Be3 O-O 10. Nbd2 a6
11. Bxc6 dxc6 12. Qc4+ Kh8 13. h3 Qe7 14. Rfe1 Be6 15. Qe2 Rad8 16. Nc4 Ba7 17. Na5 Bc8 18. dxe5 Bxe3 19. Qxe3 Nxe5 20. Nxe5 Qxe5
21. Nb3 b6 22. Rad1 c5 23. f4 Qe7 24. Nd2 Bb7 25. e5 fxe5 26. fxe5 Qe6 27. b3 Rf5 28. Nf3 Rxd1 29. Rxd1 h6 30. Rd8+ Kh7
31. Qd3 Bxf3 32. gxf3 Qg6+ 33. Kf2 Rg5 34. Qxg6+ Rxg6 35. f4 Re6 36. Kf3 Re7 37. Ke4 g6 38. h4 Kg7 39. c4 a5 40. f5 gxf5+
41. Kxf5 Kf7 42. h5 Re6 43. Rd7+ Re7 44. Rxe7+ Kxe7 45. Kg6
1-0